00301nam a2200121Ia 45000030006000000080041000060400015000471000028000622450042000902600018001325460012001500050017001620STCL150530s9999 xx 000 0 und d aSTCLcSTCL aBurton Roberts; Maurice aEncyclopedia of insects and arachnids bOctopusc1975 aEnglish20220125170504.0